| 000 | 00000nam##2200000za#4500 |
| 001 | 9.570208 |
| 003 | CaOODSP |
| 005 | 20210624182130 |
| 007 | cr ||||||||||| |
| 008 | 150406|2007||||xxc|||||o f|0| 0 eng|d |
| 040 | |aCaOODSP|beng |
| 043 | |an-cn--- |
| 086 | 1 |aNH18-1-2/187-2007E-PDF |
| 110 | 2 |aCanada Mortgage and Housing Corporation. |
| 245 | 10|aAnalysis of renewable energy potential in the residential sector through high resolution building energy simulation / |h[electronic resource]|csubmitted by Alan Fung ... [et al.]. |
| 246 | 1 |iAdditional title (within publication) : |aAnalyse des possibilités en matière d'énergie renouvelable dans le secteur résidentiel au moyen d'une simulation énergétique de bâtiment à haute résolution |
| 260 | |aOttawa - Ontario : |bCanada Mortgage and Housing Corporation |cSeptember 2007 (main report), November 2008 (Research highlight). |
| 300 | |a472p.|bfigs. (some coloured), graphs, references, tables |
| 490 | 1 |aResearch report |
| 500 | |aIncludes: Research highlight (Technical series 08-106, November 2008) under the same title. Y compris : Le point en recherche (Série technique 08-106, novembre 2008) sous le titre « Analyse des possibilités en matière d'énergie renouvelable dans le secteur résidentiel au moyen d'une simulation énergétique de bâtiment à haute résolution ». |
| 546 | |a(Le point en recherche en français.) |
| 590 | |a11-26-Supp|b2011-11-03 |
| 720 | 1 |aFung, Alan |
| 830 | #0|aResearch report (Canada Mortgage and Housing Corporation : Online)|w(CaOODSP)9.506068 |
| 856 | 40|ahttp://publications.gc.ca|qPDF|s2.91 MB|uhttps://publications.gc.ca/collections/collection_2011/schl-cmhc/nh18-1-2/NH18-1-2-187-2007-eng.pdf |